All Bus Stops on London Bus Route 157 - Statistics

General Stats
  • This quiz has been taken 5 times
  • The average score is 15 of 83
Answer Stats
Answer % Correct
Morden Station
100%
Waddon Station
100%
West Croydon Bus Station
100%
Carshalton High Street
67%
Carshalton Station
67%
Church Street Tram Stop
67%
Crystal Palace Bus Station
67%
Crystal Palace Station
67%
Elgin Road
67%
Epsom Road
67%
Milton Road
67%
The Chase
67%
Wallington Station
67%
Wallington Town Centre
67%
Anerley / The Mitre
33%
Carshalton Ponds
33%
Crystal Palace Park
33%
Hannibal Way
33%
Hogarth Crescent
33%
Mellows Park
33%
Park Road
33%
Ruskin Road
33%
Selhurst New Road
33%
South Norwood Clock Tower
33%
Stafford Road / Woodcote Road
33%
St Helier Hospital
33%
Waddon Leisure Centre / Fiveways
33%
Waddon New Road / Waddon Road
33%
Aberconway Road
0%
Anerley Hill / Crystal Palace
0%
Anerley Park
0%
Anerley Road / Anerley Station
0%
Anerley Road / Croydon Road
0%
Anerley Road / Worbeck Road
0%
Beaconsfield Road
0%
Bedford Hall
0%
Betts Way
0%
Carshalton College
0%
Chester Gardens
0%
Clifton Road
0%
Connaught Gardens
0%
Cromwell Road
0%
Croydon Road / Elmers End Road
0%
Crystal Palace Parade
0%
Derwent Road
0%
Devonshire Road
0%
Dore Gardens
0%
Hamlet Road
0%
Heavers Farm Centre
0%
Langdon Walk
0%
Leominster Walk
0%
Maple Road
0%
Morden Hall
0%
Morden Hall Road / Central Road
0%
Muschamp Road
0%
Netley Gardens
0%
Parkgate Road
0%
Park Lane
0%
Plough Lane
0%
Portland Road
0%
Poulton Avenue
0%
Rectory Grove
0%
Reeves Corner
0%
Russell Court
0%
Samos Road
0%
Selby Road
0%
Selhurst Road / Park Road
0%
Selhurst Station
0%
Seymour Villas
0%
Stafford Gardens
0%
Stafford Road / Sandy Lane South
0%
St Helier Avenue / Middleton Road
0%
St Helier Avenue / Rose Hill Roundabout
0%
Sunnybank
0%
Tamworth Road / Centrale Tram Stop
0%
Thicket Road
0%
Wallington Station / Manor Road
0%
Welbeck Road
0%
Windmill Road
0%
Wrythe Green
0%
Wrythe Green Road
0%
Wrythe Lane / Rose Hill Roundabout
0%
Wrythe Recreation Ground
0%
No matching quizzes found
Score Distribution
Percent of People with Each Score
Percentile by Number Answered
Your Score History
You have not taken this quiz